[Event "Oberliga Ost B"]
[Site "?"]
[Date "2022.04.30"]
[Round "2.7"]
[White "Hahn, Werner"]
[Black "Schlamp, Robert"]
[Result "1/2-1/2"]
[WhiteElo "2177"]
[BlackElo "2259"]
[PlyCount "82"]
[EventDate "2021.10.10"]
[EventType "team-tourn"]
[EventCountry "GER"]
[WhiteTeam "Griesheim SV"]
[BlackTeam "Oberursel SV"]
[WhiteTeamCountry "GER"]
[BlackTeamCountry "GER"]

1. d4 Nf6 2. c4 g6 3. Nc3 Bg7 4. e4 d6 5. Nf3 O-O 6. Be2 e5 7. O-O Nc6 8. d5
Ne7 9. Ne1 Ne8 10. Be3 f5 11. f3 Nf6 12. Rc1 c5 13. Nd3 f4 14. Bf2 g5 15. g4 h5
16. h3 Rf7 17. b4 cxb4 18. Nxb4 Bf8 19. Kg2 Ng6 20. Nd3 Rh7 21. Rh1 b6 22. a4
Rb8 23. Ra1 hxg4 24. hxg4 Rbb7 25. Qb3 Nh4+ 26. Bxh4 gxh4 27. Nf2 Nd7 28. Qa2
Be7 29. Rhb1 Qf8 30. Nh3 Bd8 31. Kf2 Nc5 32. Qc2 Bd7 33. Ra2 Be8 34. Rab2 Qe7
35. Nb5 Qd7 36. Ra2 Bg6 37. Nc3 Qc8 38. Kf1 Rhf7 39. Bd3 a6 40. Rab2 Nxd3 41.
Qxd3 Rfc7 1/2-1/2

[Event "Oberliga Ost B"]
[Site "?"]
[Date "2022.04.30"]
[Round "2.8"]
[White "Chandler, Patrick"]
[Black "Spitzl, Philipp"]
[Result "1/2-1/2"]
[WhiteElo "2151"]
[BlackElo "2025"]
[PlyCount "107"]
[EventDate "2021.10.10"]
[EventType "team-tourn"]
[EventCountry "GER"]
[WhiteTeam "Oberursel SV"]
[BlackTeam "Griesheim SV"]
[WhiteTeamCountry "GER"]
[BlackTeamCountry "GER"]

1. Nf3 e6 2. d4 d5 3. c4 Be7 4. Nc3 Nf6 5. Bf4 O-O 6. e3 c5 7. Be2 Nc6 8. O-O
a6 9. dxc5 Bxc5 10. cxd5 exd5 11. Rc1 d4 12. exd4 Bxd4 13. Nxd4 Nxd4 14. Bd3
Bf5 15. Bxf5 Nxf5 16. Qf3 Qb6 17. Be5 Nh4 18. Qf4 Ng6 19. Qd4 Qxd4 20. Bxd4
Rfd8 21. Rfd1 Rac8 22. g3 Nf8 23. Bxf6 gxf6 24. Rxd8 Rxd8 25. Ne4 Kg7 26. g4
Ne6 27. Kg2 Rd4 28. f3 Ng5 29. Nc3 Rd2+ 30. Kg3 Rxb2 31. h4 Ne6 32. Nd5 Nd4 33.
Rc4 Ne2+ 34. Kh3 Ng1+ 35. Kg3 Ne2+ 36. Kh3 h5 37. Ne3 Rxa2 38. Nf5+ Kg6 39. Rc8
Ng1+ 40. Kg3 Ne2+ 41. Kh3 Ra3 42. Kg2 Ra4 43. Rg8+ Kh7 44. Rg7+ Kh8 45. Rxf7
hxg4 46. Rxb7 gxf3+ 47. Kxf3 Rf4+ 48. Kxe2 Rxf5 49. Ra7 a5 50. Ke3 Kg8 51. Ke4
Rh5 52. Kf4 Rxh4+ 53. Kf5 Rh6 54. Ke6 1/2-1/2

[Event "Oberliga Ost B"]
[Site "?"]
[Date "2022.04.30"]
[Round "2.1"]
[White "Sadeghi, Behrang"]
[Black "Galdunts, Sergey"]
[Result "1/2-1/2"]
[WhiteElo "2256"]
[BlackElo "2413"]
[PlyCount "68"]
[EventDate "2021.10.10"]
[EventType "team-tourn"]
[EventCountry "GER"]
[WhiteTeam "Homburg Bad SK"]
[BlackTeam "Moerlenbach Birkenau Freibauer"]
[WhiteTeamCountry "GER"]
[BlackTeamCountry "GER"]

1. e4 e5 2. Nf3 Nc6 3. Bb5 a6 4. Ba4 Nf6 5. d3 d6 6. c3 Be7 7. Nbd2 O-O 8. O-O
Re8 9. Re1 Bf8 10. Nf1 b5 11. Bb3 h6 12. h3 Na5 13. Bc2 c5 14. Ng3 Qc7 15. d4
Bd7 16. d5 Nc4 17. Nd2 Nb6 18. Qf3 Nh7 19. Ndf1 g6 20. Nh2 Qd8 21. Ng4 Qh4 22.
Nf1 Bg7 23. Qg3 Qxg3 24. Nxg3 h5 25. Ne3 Rf8 26. f3 h4 27. Ne2 f5 28. Bd2 Rab8
29. Rad1 Bh6 30. Nf1 Ng5 31. Bc1 Rbe8 32. Ne3 Kg7 33. Rf1 Nh7 34. Rfe1 Rf7
1/2-1/2

[Event "Oberliga Ost B"]
[Site "?"]
[Date "2022.04.30"]
[Round "2.2"]
[White "Legde, Georg"]
[Black "Dunsbach, Ralf"]
[Result "1-0"]
[WhiteElo "2319"]
[BlackElo "2146"]
[PlyCount "49"]
[EventDate "2021.10.10"]
[EventType "team-tourn"]
[EventCountry "GER"]
[WhiteTeam "Moerlenbach Birkenau Freibauer"]
[BlackTeam "Homburg Bad SK"]
[WhiteTeamCountry "GER"]
[BlackTeamCountry "GER"]

1. d4 d5 2. c4 dxc4 3. Nf3 Nf6 4. e3 Bg4 5. Bxc4 e6 6. h3 Bh5 7. Nbd2 Nc6 8.
Bb5 Bd6 9. b3 O-O 10. Bb2 Nb4 11. a3 a6 12. Be2 Nc6 13. O-O Re8 14. Rc1 e5 15.
Rxc6 bxc6 16. dxe5 Nd5 17. exd6 cxd6 18. Nd4 Bxe2 19. Qxe2 Qd7 20. Qg4 Qxg4 21.
hxg4 c5 22. Nf5 f6 23. Nxd6 Red8 24. N6e4 Rab8 25. Rc1 1-0

[Event "Oberliga Ost B"]
[Site "?"]
[Date "2022.04.30"]
[Round "2.3"]
[White "Schmidt, Walter"]
[Black "Felgendreher, Heiko"]
[Result "1-0"]
[WhiteElo "2229"]
[BlackElo "2163"]
[PlyCount "69"]
[EventDate "2021.10.10"]
[EventType "team-tourn"]
[EventCountry "GER"]
[WhiteTeam "Homburg Bad SK"]
[BlackTeam "Moerlenbach Birkenau Freibauer"]
[WhiteTeamCountry "GER"]
[BlackTeamCountry "GER"]

1. e4 c5 2. Nf3 Nc6 3. d4 cxd4 4. Nxd4 Nf6 5. Nc3 e5 6. Ndb5 d6 7. Bg5 a6 8.
Na3 b5 9. Bxf6 gxf6 10. Nd5 f5 11. g3 Bg7 12. Bg2 O-O 13. c3 Kh8 14. Nc2 fxe4
15. Bxe4 f5 16. Bg2 Ra7 17. O-O f4 18. g4 f3 19. Bxf3 Qh4 20. Nde3 e4 21. Bxe4
Be5 22. f4 Rxf4 23. Bxc6 Bxg4 24. Rxf4 Bxf4 25. Nxg4 Rg7 26. Qe2 Rxg4+ 27. Kh1
Qg5 28. Re1 Be5 29. Nd4 Qg7 30. Nf3 Rc4 31. Nxe5 dxe5 32. Bd5 Rg4 33. Qxe5 Rg1+
34. Rxg1 Qxe5 35. Rg8# 1-0

[Event "Oberliga Ost B"]
[Site "?"]
[Date "2022.04.30"]
[Round "2.4"]
[White "Dittmar, Peter"]
[Black "Lenz, Jonas"]
[Result "1/2-1/2"]
[WhiteElo "2249"]
[BlackElo "2099"]
[PlyCount "72"]
[EventDate "2021.10.10"]
[EventType "team-tourn"]
[EventCountry "GER"]
[WhiteTeam "Moerlenbach Birkenau Freibauer"]
[BlackTeam "Homburg Bad SK"]
[WhiteTeamCountry "GER"]
[BlackTeamCountry "GER"]

1. c4 e5 2. g3 c6 3. d4 e4 4. Bg2 d5 5. a3 Nf6 6. Nc3 Be7 7. f3 exf3 8. Nxf3
O-O 9. O-O c5 10. cxd5 Nxd5 11. e4 Nxc3 12. bxc3 Bg4 13. Be3 Nc6 14. h3 Bxf3
15. Bxf3 Na5 16. Qe2 cxd4 17. cxd4 Rc8 18. e5 Nc4 19. Bxb7 Nxe3 20. Qxe3 Rc4
21. Rad1 Qd7 22. Be4 Qxh3 23. Rd2 h6 24. Qf3 Qd7 25. Bd5 Bg5 26. e6 Qd6 27.
exf7+ Kh8 28. Bxc4 Bxd2 29. Qd3 Bg5 30. Ba2 Bf6 31. Rf4 g6 32. Kh2 Kg7 33. Rg4
Bg5 34. Re4 Bf6 35. Rg4 Bg5 36. Re4 Bf6 1/2-1/2

[Event "Oberliga Ost B"]
[Site "?"]
[Date "2022.04.30"]
[Round "2.5"]
[White "Kaiser, Richard"]
[Black "Boehmer, Christian"]
[Result "1/2-1/2"]
[WhiteElo "2117"]
[BlackElo "2176"]
[PlyCount "52"]
[EventDate "2021.10.10"]
[EventType "team-tourn"]
[EventCountry "GER"]
[WhiteTeam "Homburg Bad SK"]
[BlackTeam "Moerlenbach Birkenau Freibauer"]
[WhiteTeamCountry "GER"]
[BlackTeamCountry "GER"]

1. g3 Nf6 2. Bg2 g6 3. c4 Bg7 4. Nc3 O-O 5. e3 c5 6. Nge2 Nc6 7. O-O d6 8. d4
cxd4 9. exd4 Bd7 10. h3 a6 11. Be3 Rb8 12. Rc1 b5 13. c5 dxc5 14. dxc5 Qc8 15.
g4 Rd8 16. Qc2 Nb4 17. Qb1 Bc6 18. Bxc6 Nxc6 19. Bf4 Rb7 20. Rfd1 Rbd7 21. Rxd7
Rxd7 22. Rd1 e5 23. Bg3 Nd4 24. Nxd4 exd4 25. Ne4 Qc6 26. Nxf6+ Bxf6 1/2-1/2

[Event "Oberliga Ost B"]
[Site "?"]
[Date "2022.04.30"]
[Round "2.6"]
[White "Wohlfart, Paulus"]
[Black "Novak, Volker"]
[Result "1-0"]
[WhiteElo "2109"]
[BlackElo "2066"]
[PlyCount "81"]
[EventDate "2021.10.10"]
[EventType "team-tourn"]
[EventCountry "GER"]
[WhiteTeam "Moerlenbach Birkenau Freibauer"]
[BlackTeam "Homburg Bad SK"]
[WhiteTeamCountry "GER"]
[BlackTeamCountry "GER"]

1. d4 d5 2. c4 c6 3. Nf3 Nf6 4. e3 Bg4 5. Qb3 Qb6 6. Nc3 e6 7. Bd2 Nbd7 8. Be2
Be7 9. O-O O-O 10. Rfd1 Rad8 11. h3 Bxf3 12. Bxf3 dxc4 13. Qxc4 e5 14. Rac1 Rc8
15. g3 exd4 16. exd4 Qd8 17. Qb3 Nb6 18. a4 Qd7 19. Bf4 Qe6 20. d5 Nfxd5 21.
Nxd5 Nxd5 22. Bxd5 cxd5 23. Qxb7 Rc4 24. Re1 Rxc1 25. Rxc1 g5 26. Be3 Bf6 27.
Qc6 Bxb2 28. Qxe6 fxe6 29. Rb1 Bf6 30. Bxa7 Ra8 31. Rb7 Bd8 32. Rd7 Bf6 33. Rb7
Bc3 34. Kf1 h6 35. Ke2 e5 36. Rb8+ Rxb8 37. Bxb8 e4 38. Bc7 Kf7 39. a5 Ke6 40.
a6 Bd4 41. Bb8 1-0

[Event "Oberliga Ost B"]
[Site "?"]
[Date "2022.04.30"]
[Round "2.7"]
[White "Nagelsdiek, Ralf"]
[Black "Schaefer, Michael"]
[Result "1/2-1/2"]
[WhiteElo "2039"]
[BlackElo "2133"]
[PlyCount "69"]
[EventDate "2021.10.10"]
[EventType "team-tourn"]
[EventCountry "GER"]
[WhiteTeam "Homburg Bad SK"]
[BlackTeam "Moerlenbach Birkenau Freibauer"]
[WhiteTeamCountry "GER"]
[BlackTeamCountry "GER"]

1. Nf3 c5 2. c4 g6 3. d4 cxd4 4. Qxd4 Nf6 5. Bg5 Bg7 6. Nc3 d6 7. e4 Nc6 8. Qd2
h6 9. Bh4 g5 10. Bg3 Nh5 11. Be2 Qa5 12. Nd5 Nxg3 13. Qxa5 Nxa5 14. hxg3 Kd8
15. O-O-O e6 16. Ne3 Ke7 17. Rd2 b6 18. Rhd1 Nb7 19. Bd3 Rd8 20. Bc2 Bd7 21. g4
Rac8 22. Nd4 a6 23. b3 b5 24. Kb1 b4 25. a4 Bc6 26. Nxc6+ Rxc6 27. Re2 Rcc8 28.
g3 Na5 29. Rh1 Nc6 30. f4 Rh8 31. Rd2 Bd4 32. Rd3 Rcg8 33. Bd1 Bxe3 34. Rxe3 e5
35. f5 1/2-1/2

[Event "Oberliga Ost B"]
[Site "?"]
[Date "2022.04.30"]
[Round "2.8"]
[White "Schiffer, Steve"]
[Black "Ottmann, Martin"]
[Result "1/2-1/2"]
[WhiteElo "2069"]
[BlackElo "2128"]
[PlyCount "87"]
[EventDate "2021.10.10"]
[EventType "team-tourn"]
[EventCountry "GER"]
[WhiteTeam "Moerlenbach Birkenau Freibauer"]
[BlackTeam "Homburg Bad SK"]
[WhiteTeamCountry "GER"]
[BlackTeamCountry "GER"]

1. e4 e5 2. Nf3 Nf6 3. Nxe5 d6 4. Nf3 Nxe4 5. d4 d5 6. Bd3 Nc6 7. O-O Be7 8. c4
Bg4 9. Be3 O-O 10. Nc3 Nf6 11. a3 dxc4 12. Bxc4 Bxf3 13. Qxf3 Nxd4 14. Qxb7 Nc2
15. Rad1 Qb8 16. Qxb8 Raxb8 17. Bc1 c5 18. Nd5 Nxd5 19. Rxd5 Rbd8 20. Rfd1 Nd4
21. Kf1 Rxd5 22. Bxd5 Rd8 23. Bc4 Bf6 24. Be3 a5 25. a4 g5 26. h3 Kg7 27. Bxd4
Bxd4 28. Rd3 Rb8 29. b3 Rb7 30. Rg3 f6 31. f4 Kh6 32. fxg5+ fxg5 33. Rg4 Bf6
34. Re4 Re7 35. Be6 Kg7 36. Ke2 Bd4 37. Kd3 Kf6 38. Bd5 Rxe4 39. Bxe4 h6 40.
Kc4 Ke5 41. Bd3 Kd6 42. Bf5 h5 43. Be4 Bf2 44. Bf3 1/2-1/2

[Event "Oberliga Ost B"]
[Site "?"]
[Date "2022.04.30"]
[Round "2.1"]
[White "Geske, Julian"]
[Black "Humburg, Philipp"]
[Result "1-0"]
[WhiteElo "2374"]
[BlackElo "2280"]
[PlyCount "141"]
[EventDate "2021.10.10"]
[EventType "team-tourn"]
[EventCountry "GER"]
[WhiteTeam "Wiesbadener SV"]
[BlackTeam "Marburg SK"]
[WhiteTeamCountry "GER"]
[BlackTeamCountry "GER"]

1. d4 Nf6 2. Bf4 d5 3. e3 c5 4. c3 Nc6 5. Nd2 cxd4 6. exd4 Bf5 7. Ngf3 a6 8.
Nh4 Bg4 9. Qb3 Qd7 10. h3 Be6 11. Bd3 g6 12. Ndf3 Nh5 13. Ne5 Nxe5 14. Bxe5 f6
15. Bh2 Bh6 16. Nf3 Nf4 17. Bxf4 Bxf4 18. Qc2 Bf7 19. O-O O-O 20. Qe2 Rfe8 21.
g3 Bc7 22. Kg2 Kg7 23. Rad1 Rad8 24. Bc2 Qc6 25. Qd2 e5 26. Nh2 h5 27. Rfe1 e4
28. h4 f5 29. f4 b5 30. b4 a5 31. a3 Bd6 32. Bb3 Ra8 33. Nf1 Rec8 34. Rc1 Ra6
35. Ne3 Qa8 36. Qb2 Be7 37. Red1 Bf6 38. Qe2 Rb6 39. Qb2 Rd6 40. Kh3 Rc7 41.
Kg2 Qc8 42. Rc2 Qd8 43. Rcc1 Rdc6 44. Rc2 Qd6 45. Rf1 Rc8 46. Kg1 Rxc3 47. Rxc3
Bxd4 48. Rc6 Bxb2 49. Rxd6 Bd4 50. Re1 Rc3 51. Bxd5 Bxe3+ 52. Rxe3 Rxe3 53. Rd7
Rxg3+ 54. Kf2 Rxa3 55. Rxf7+ Kh8 56. bxa5 Rxa5 57. Ke3 Ra3+ 58. Kd4 Rd3+ 59.
Ke5 e3 60. Re7 e2 61. Kd6 Rd4 62. Rxe2 Rxf4 63. Ke5 Rxh4 64. Kf6 Rg4 65. Re8+
Kh7 66. Re7+ Kh8 67. Bf7 Re4 68. Rd7 Ra4 69. Rd8+ Kh7 70. Bxg6+ Kh6 71. Rh8#
1-0

[Event "Oberliga Ost B"]
[Site "?"]
[Date "2022.04.30"]
[Round "2.2"]
[White "Rolle, Eric"]
[Black "Alienkin, Aleksander"]
[Result "1/2-1/2"]
[WhiteElo "2146"]
[BlackElo "2362"]
[PlyCount "52"]
[EventDate "2021.10.10"]
[EventType "team-tourn"]
[EventCountry "GER"]
[WhiteTeam "Marburg SK"]
[BlackTeam "Wiesbadener SV"]
[WhiteTeamCountry "GER"]
[BlackTeamCountry "GER"]

1. c4 e5 2. Nc3 Nf6 3. Nf3 Nc6 4. e3 Bb4 5. Qc2 Bxc3 6. Qxc3 Qe7 7. a3 a5 8. b3
d5 9. Bb2 d4 10. Qc2 Bg4 11. O-O-O d3 12. Qb1 Ne4 13. Bxd3 Nxf2 14. Be4 Nxd1
15. Rxd1 O-O-O 16. Bxc6 bxc6 17. Qe4 Bxf3 18. gxf3 Kb7 19. Qxe5 Qxe5 20. Bxe5
f6 21. Bc3 Kb6 22. Rg1 Rd7 23. f4 Rf8 24. Kc2 g6 25. h4 f5 26. Be5 c5 1/2-1/2

[Event "Oberliga Ost B"]
[Site "?"]
[Date "2022.04.30"]
[Round "2.3"]
[White "Bakiev, Diyor"]
[Black "Alber, Horst"]
[Result "1-0"]
[WhiteElo "2147"]
[BlackElo "2268"]
[PlyCount "89"]
[EventDate "2021.10.10"]
[EventType "team-tourn"]
[EventCountry "GER"]
[WhiteTeam "Wiesbadener SV"]
[BlackTeam "Marburg SK"]
[WhiteTeamCountry "GER"]
[BlackTeamCountry "GER"]

1. e4 g6 2. d4 Bg7 3. Nc3 d6 4. Be3 a6 5. Qd2 b5 6. a4 b4 7. Nd5 a5 8. h4 h6 9.
Nh3 e6 10. Ndf4 Qxh4 11. O-O-O Qe7 12. f3 Bb7 13. g4 Nd7 14. Bc4 Nb6 15. Bxe6
fxe6 16. Nxg6 Qd7 17. b3 O-O-O 18. Nxh8 Bxh8 19. Bxh6 c5 20. Be3 Nxa4 21. bxa4
Ba6 22. Kb2 Ne7 23. Nf4 cxd4 24. Rxh8 Rxh8 25. Qxd4 e5 26. Qb6 Qc6 27. Qxc6+
Nxc6 28. Ng6 Rd8 29. Bb6 Rd7 30. Nh4 Kb7 31. Be3 Kc7 32. g5 Bc4 33. Rd2 Ne7 34.
f4 exf4 35. Bxf4 Kc6 36. Nf5 Nxf5 37. exf5 d5 38. Be5 Re7 39. Bd4 Re2 40. f6
Rxd2 41. f7 b3 42. f8=Q Rxc2+ 43. Kb1 Bd3 44. Qh6+ Kd7 45. Qh3+ 1-0

[Event "Oberliga Ost B"]
[Site "?"]
[Date "2022.04.30"]
[Round "2.4"]
[White "Dorst, Johannes"]
[Black "Gottschalk, Jens"]
[Result "1-0"]
[WhiteElo "2235"]
[BlackElo "2265"]
[PlyCount "75"]
[EventDate "2021.10.10"]
[EventType "team-tourn"]
[EventCountry "GER"]
[WhiteTeam "Marburg SK"]
[BlackTeam "Wiesbadener SV"]
[WhiteTeamCountry "GER"]
[BlackTeamCountry "GER"]

{[%evp 0,68,45,40,100,66,51,33,45,48,73,60,60,61,57,50,33,33,62,28,63,9,46,-19,
27,17,55,0,-6,-15,28,53,57,62,59,70,67,74,61,61,84,78,73,82,68,74,86,88,116,
105,162,121,159,145,147,146,210,172,208,214,514,554,554,157,159,101,101,108,
228,225,284]} 1. e4 c5 2. Nf3 Nc6 3. Bb5 Nf6 4. Nc3 g6 5. e5 Ng4 6. Bxc6 dxc6
7. h3 Nh6 8. g4 Bg7 9. d3 f6 10. Be3 b6 11. Qe2 O-O 12. O-O-O Qc7 13. Bf4 Nf7
14. Rde1 fxe5 15. Nxe5 Nxe5 16. Bxe5 Bxe5 17. Qxe5 Qxe5 18. Rxe5 e6 19. Ne4 Bd7
20. g5 Rad8 21. Nf6+ Kg7 22. h4 h6 23. Nxd7 Rxd7 24. Rxe6 Rxf2 25. gxh6+ Kf7
26. Rxc6 Re7 27. Kb1 Ree2 28. Rc1 Rh2 29. Rc7+ Re7 30. Rf1+ Ke8 31. Rc8+ Kd7
32. Rg8 Rxh4 33. Rxg6 Rh2 34. b3 Kc7 35. Rg7 Rxg7 36. hxg7 Rg2 37. Rf7+ Kc6 38.
Rxa7 1-0

[Event "Oberliga Ost B"]
[Site "?"]
[Date "2022.04.30"]
[Round "2.5"]
[White "Minor, Samuel"]
[Black "Henrich, Thomas"]
[Result "1-0"]
[WhiteElo "2253"]
[BlackElo "2118"]
[PlyCount "51"]
[EventDate "2021.10.10"]
[EventType "team-tourn"]
[EventCountry "GER"]
[WhiteTeam "Wiesbadener SV"]
[BlackTeam "Marburg SK"]
[WhiteTeamCountry "GER"]
[BlackTeamCountry "GER"]

1. e4 c5 2. Nf3 Nc6 3. Nc3 g6 4. d4 cxd4 5. Nxd4 Bg7 6. Be3 Nf6 7. Bc4 d6 8. f3
O-O 9. Qd2 Bd7 10. O-O-O Rc8 11. Bb3 Ne5 12. Kb1 a5 13. a4 Nc4 14. Bxc4 Rxc4
15. b3 Rc8 16. g4 Bc6 17. Bh6 Bh8 18. h4 Qb6 19. h5 Rfd8 20. hxg6 fxg6 21. Ndb5
Qc5 22. Be3 Qb4 23. Qh2 Kf7 24. Bb6 Bxb5 25. Nxb5 Rg8 26. Rd4 1-0

[Event "Oberliga Ost B"]
[Site "?"]
[Date "2022.04.30"]
[Round "2.7"]
[White "Tuzi, Bruna"]
[Black "Neidhardt, Helge"]
[Result "1-0"]
[WhiteElo "1991"]
[BlackElo "2014"]
[PlyCount "95"]
[EventDate "2021.10.10"]
[EventType "team-tourn"]
[EventCountry "GER"]
[WhiteTeam "Wiesbadener SV"]
[BlackTeam "Marburg SK"]
[WhiteTeamCountry "GER"]
[BlackTeamCountry "GER"]

1. e4 e5 2. Nf3 Nc6 3. Bc4 Bc5 4. O-O d6 5. c3 Nf6 6. Re1 O-O 7. d4 Bb6 8. h3
h6 9. a4 a5 10. dxe5 dxe5 11. Qb3 Nh5 12. Be3 Bxe3 13. fxe3 Nf6 14. Nbd2 Qe7
15. Rf1 Nb8 16. Nh4 Na6 17. Ng6 Qc5 18. Rae1 Rd8 19. Bxf7+ Kh7 20. Nf3 Nxe4 21.
Ngxe5 Bf5 22. Qc2 Nd6 23. Bg6+ Bxg6 24. Qxg6+ Kh8 25. Qg3 Re8 26. Ng6+ Kh7 27.
Nd4 Qd5 28. Nh4 Nc5 29. Qg6+ Kh8 30. Nhf5 Nxf5 31. Rxf5 Qd6 32. Qg4 Re4 33. Qf3
Rae8 34. Nb5 Qe7 35. Rf7 Qe5 36. Nxc7 Rxe3 37. Rxe3 Qxe3+ 38. Qxe3 Rxe3 39. Nd5
Re2 40. b4 Rd2 41. bxc5 Rxd5 42. Rc7 Rd1+ 43. Kf2 Ra1 44. Ke3 Rxa4 45. Kd3 Ra1
46. Rxb7 Rd1+ 47. Kc4 a4 48. Ra7 1-0

[Event "Oberliga Ost B"]
[Site "?"]
[Date "2022.04.30"]
[Round "2.8"]
[White "Nekhamkis, Genadi"]
[Black "Li, Maxim"]
[Result "0-1"]
[WhiteElo "2099"]
[BlackElo "1932"]
[PlyCount "54"]
[EventDate "2021.10.10"]
[EventType "team-tourn"]
[EventCountry "GER"]
[WhiteTeam "Marburg SK"]
[BlackTeam "Wiesbadener SV"]
[WhiteTeamCountry "GER"]
[BlackTeamCountry "GER"]

1. e4 e6 2. d4 d5 3. e5 c5 4. c3 Nc6 5. Nf3 Qb6 6. a3 Nh6 7. b4 cxd4 8. cxd4
Nf5 9. Be3 f6 10. Bd3 Nxe3 11. fxe3 fxe5 12. b5 e4 13. bxc6 exf3 14. Qxf3 bxc6
15. O-O Qb2 16. Nc3 Qxc3 17. Bxh7 Bd7 18. Bg6+ Kd8 19. Rfc1 Qa5 20. e4 Qb6 21.
Qd3 Bd6 22. h3 Rh6 23. exd5 Be5 24. Rc5 Rxg6 25. dxc6 Qb2 26. Rc2 Qxa1+ 27. Kf2
Qxd4+ 0-1

[Event "Oberliga Ost B"]
[Site "?"]
[Date "2022.05.01"]
[Round "3.2"]
[White "Langheinrich, Ferenc"]
[Black "George, Tom"]
[Result "1/2-1/2"]
[WhiteElo "2351"]
[BlackElo "2174"]
[PlyCount "60"]
[EventDate "2021.10.10"]
[EventType "team-tourn"]
[EventCountry "GER"]
[WhiteTeam "Erfurt SV Empor"]
[BlackTeam "Stadtilm SG BW"]
[WhiteTeamCountry "GER"]
[BlackTeamCountry "GER"]

1. e4 e5 2. Nf3 Nc6 3. g3 Nf6 4. Nc3 d5 5. exd5 Nxd5 6. Bg2 Be6 7. Qe2 Nxc3 8.
bxc3 Bd6 9. d4 exd4 10. Ng5 Qe7 11. Nxe6 Qxe6 12. Qxe6+ fxe6 13. Bxc6+ bxc6 14.
cxd4 Rb8 15. Ke2 Kf7 16. Bd2 c5 17. dxc5 Bxc5 18. Rab1 Rhd8 19. Bc3 Rb6 20.
Rhd1 Rxd1 21. Rxd1 Bd6 22. a4 Rc6 23. Kd3 Be7 24. Rb1 Bf6 25. Bd2 Rd6+ 26. Ke2
Rc6 27. Rb7 a6 28. Kd3 Rd6+ 29. Ke2 Rc6 30. Kd3 Rd6+ 1/2-1/2

[Event "Oberliga Ost B"]
[Site "?"]
[Date "2022.05.01"]
[Round "3.3"]
[White "Schneider, Christian"]
[Black "Reucker, Friedrich"]
[Result "1/2-1/2"]
[WhiteElo "2229"]
[BlackElo "1981"]
[PlyCount "34"]
[EventDate "2021.10.10"]
[EventType "team-tourn"]
[EventCountry "GER"]
[WhiteTeam "Stadtilm SG BW"]
[BlackTeam "Erfurt SV Empor"]
[WhiteTeamCountry "GER"]
[BlackTeamCountry "GER"]

1. c4 e6 2. g3 d5 3. Bg2 Nf6 4. Nf3 dxc4 5. Qa4+ Bd7 6. Qxc4 c5 7. Ne5 Qc8 8.
O-O Nc6 9. Nxd7 Qxd7 10. a4 Be7 11. d3 O-O 12. Be3 Rac8 13. Na3 Rfd8 14. Bxc6
Rxc6 15. Rfc1 Nd5 16. Bd2 Bf6 17. Bc3 e5 1/2-1/2

[Event "Oberliga Ost B"]
[Site "?"]
[Date "2022.05.01"]
[Round "3.4"]
[White "Rempel, Patrick"]
[Black "Dittrich, Tom"]
[Result "1-0"]
[WhiteElo "2063"]
[BlackElo "1975"]
[PlyCount "87"]
[EventDate "2021.10.10"]
[EventType "team-tourn"]
[EventCountry "GER"]
[WhiteTeam "Erfurt SV Empor"]
[BlackTeam "Stadtilm SG BW"]
[WhiteTeamCountry "GER"]
[BlackTeamCountry "GER"]

1. d4 Nf6 2. c4 g6 3. f3 Bg7 4. e4 d6 5. Nc3 O-O 6. Nge2 Nbd7 7. Be3 c5 8. d5
Ne5 9. Ng3 h5 10. Be2 e6 11. O-O exd5 12. cxd5 b5 13. Nxb5 a6 14. Na3 Rb8 15.
Rb1 Qa5 16. Nh1 Nfd7 17. Nf2 c4 18. Bd4 c3 19. Bxc3 Nxf3+ 20. Bxf3 Bxc3 21.
bxc3 Qxa3 22. Rxb8 Nxb8 23. Qb3 Qxb3 24. axb3 Nd7 25. Ra1 Bb7 26. Nd1 f5 27.
exf5 Rxf5 28. Ne3 Rf6 29. Be2 Nc5 30. b4 Ne4 31. c4 Rf8 32. Bd3 Re8 33. Nc2 Kg7
34. Re1 Nf6 35. Rf1 Nd7 36. Nd4 Ne5 37. Be2 Rc8 38. Ne6+ Kh6 39. Rf4 Ba8 40.
Kf2 Rb8 41. Ke3 Rc8 42. Kd4 Nd7 43. Rf7 Ne5 44. Ra7 1-0

[Event "Oberliga Ost B"]
[Site "?"]
[Date "2022.05.01"]
[Round "3.7"]
[White "Neubauer, Andreas"]
[Black "Pichl, Michael"]
[Result "1-0"]
[WhiteElo "2142"]
[BlackElo "1934"]
[PlyCount "45"]
[EventDate "2021.10.10"]
[EventType "team-tourn"]
[EventCountry "GER"]
[WhiteTeam "Stadtilm SG BW"]
[BlackTeam "Erfurt SV Empor"]
[WhiteTeamCountry "GER"]
[BlackTeamCountry "GER"]

1. e4 g6 2. d4 Bg7 3. c3 d6 4. g3 Nf6 5. Bg2 O-O 6. Ne2 Nbd7 7. O-O e5 8. h3
Re8 9. Qc2 c6 10. f4 exd4 11. cxd4 d5 12. e5 Ne4 13. Bxe4 dxe4 14. Nbc3 f5 15.
d5 cxd5 16. Nxd5 Nxe5 17. Nc7 Bd7 18. fxe5 Rc8 19. Qb3+ Kh8 20. Nxe8 Qxe8 21.
Bf4 Bxe5 22. Bxe5+ Qxe5 23. Rac1 1-0

[Event "Oberliga Ost B"]
[Site "?"]
[Date "2022.05.01"]
[Round "3.8"]
[White "Reuter, Elisa"]
[Black "Schmidt, Daniel"]
[Result "1-0"]
[WhiteElo "1881"]
[BlackElo "1865"]
[PlyCount "115"]
[EventDate "2021.10.10"]
[EventType "team-tourn"]
[EventCountry "GER"]
[WhiteTeam "Erfurt SV Empor"]
[BlackTeam "Stadtilm SG BW"]
[WhiteTeamCountry "GER"]
[BlackTeamCountry "GER"]

1. e4 c5 2. Nf3 d6 3. d4 cxd4 4. Nxd4 Nf6 5. Nc3 a6 6. Be2 e5 7. Nb3 Be7 8. O-O
O-O 9. Kh1 b5 10. a4 b4 11. Nd5 Nxd5 12. Qxd5 Ra7 13. Be3 Be6 14. Qd2 Rb7 15.
a5 Qc8 16. f4 Bc4 17. Bd3 Nd7 18. f5 f6 19. Rac1 Bb5 20. Rf3 Nc5 21. Bxb5 Rxb5
22. Bxc5 dxc5 23. Qd5+ Rf7 24. Qc4 g6 25. Rcf1 Kg7 26. Rh3 Rf8 27. Rg3 g5 28.
h4 h6 29. Rd1 Rd8 30. Rxd8 Qxd8 31. Rd3 Qg8 32. Qxg8+ Kxg8 33. Rd7 Kf8 34. Rc7
Ke8 35. Rc6 c4 36. Rxc4 Kd7 37. h5 Bd8 38. Nc5+ Ke7 39. Nxa6 Bxa5 40. Rc5 Rxc5
41. Nxc5 Bb6 42. Nd3 Bd4 43. g4 Kd6 44. b3 Kc6 45. Kg2 Kb5 46. Kf3 Bb6 47. Ke2
Ba7 48. Nb2 Bb6 49. Kd3 Bc7 50. Nc4 Kc5 51. Ne3 Bb6 52. Nd5 Bd8 53. c3 bxc3 54.
Kxc3 Kb5 55. b4 Kc6 56. Kc4 Kd6 57. b5 Kd7 58. Kc5 1-0

[Event "Oberliga Ost B"]
[Site "?"]
[Date "2022.05.01"]
[Round "3.1"]
[White "Hoffmann, Tim"]
[Black "Wehner, Janis"]
[Result "1/2-1/2"]
[WhiteElo "2148"]
[BlackElo "2135"]
[PlyCount "67"]
[EventDate "2021.10.10"]
[EventType "team-tourn"]
[EventCountry "GER"]
[WhiteTeam "Gera ESV"]
[BlackTeam "Erfurt SV Medizin"]
[WhiteTeamCountry "GER"]
[BlackTeamCountry "GER"]

1. e4 c5 2. Nf3 Nc6 3. d4 cxd4 4. Nxd4 Nf6 5. Nc3 d6 6. Be2 e5 7. Nb3 Be7 8.
Be3 O-O 9. Qd2 Be6 10. Rd1 Na5 11. Nxa5 Qxa5 12. Nd5 Qxd2+ 13. Rxd2 Nxd5 14.
exd5 Bd7 15. c4 f5 16. f3 Rfc8 17. Bd3 a6 18. Rc2 b5 19. Kd2 Bd8 20. a3 bxc4
21. Bxc4 Rcb8 22. b4 a5 23. Rb1 axb4 24. axb4 Bb5 25. Bb3 Bf6 26. Rc6 Be7 27.
Rb6 Rxb6 28. Bxb6 Bg5+ 29. Be3 Bxe3+ 30. Kxe3 Kf7 31. Kd2 Ke7 32. Rc1 Kd7 33.
Rc2 Ra3 34. Rb2 1/2-1/2